ნორმალური ფორმატი
MARC ფორმატი
ჩანაწერი Personal Name
ჩანაწერთა რაოდენობა, რომელიც გამოყენებულია: 1
001 - CONTROL NUMBER
- control field: 8304
003 - CONTROL NUMBER IDENTIFIER
- control field: GE_BSU
005 - DATE AND TIME OF LATEST TRANSACTION
- control field: 20200605223717.0
008 - FIXED-LENGTH DATA ELEMENTS
- fixed length control field: 200605|| aca||aabn | a|a d
040 ## - CATALOGING SOURCE
- Original cataloging agency: GE_BSU
- Transcribing agency: GE_BSU
100 ## - HEADING--PERSONAL NAME
- Personal name: ანდრონიკაშვილი, მზია
670 ## - SOURCE DATA FOUND
- Source citation: Work cat.: (GE_BSU)53012: ანდრონიკაშვილი, მზია, ნარკვევები ირანულ-ქართული ენობრივი ურთიერთობიდან = Очерки по Иранско-Грузинским языковым взаимоотношениям = Studies in Iranian-Georgian Linguistik Contacts
